Michael Jackson - All Songs - Statistics

General Stats
  • This quiz has been taken 105 times
    76 since last reset
  • The average score is 41 of 184
Answer Stats
Album Song % Correct
Thriller Thriller
95%
Bad Bad
92%
Thriller Billie Jean
88%
Thriller Beat It
83%
Bad Smooth Criminal
75%
Thriller Human Nature
70%
HIStory: Past, Present and Future, Book I Earth Song
67%
Bad Dirty Diana
65%
Off the Wall Don't Stop 'Til You Get Enough
65%
Dangerous Dangerous
63%
Off the Wall Off the Wall
63%
Ben Ben
62%
Xscape Chicago
60%
Thriller P.Y.T. (Pretty Young Thing)
60%
Dangerous Black or White
57%
Bad Man in the Mirror
57%
Off the Wall Rock with You
57%
HIStory: Past, Present and Future, Book I They Don't Care About Us
57%
Thriller Wanna Be Startin' Somethin'
57%
Dangerous Heal the World
52%
Thriller The Girl Is Mine
52%
Bad The Way You Make Me Feel
52%
Invincible You Rock My World
50%
Dangerous Remember the Time
48%
Blood on the Dance Floor: HIStory in the Mix Blood on the Dance Floor
47%
Bad Liberian Girl
47%
Invincible Invincible
45%
Bad Speed Demon
43%
Thriller Baby Be Mine
42%
HIStory: Past, Present and Future, Book I HIStory
42%
Bad Leave Me Alone
42%
HIStory: Past, Present and Future, Book I Scream
42%
Michael Jackson's This Is It This Is It
42%
HIStory: Past, Present and Future, Book I You Are Not Alone
42%
Got to Be There Got to Be There
38%
Dangerous In the Closet
38%
Xscape Xscape
38%
HIStory: Past, Present and Future, Book I Stranger in Moscow
37%
Thriller The Lady in My Life
37%
Invincible Heaven Can Wait
35%
Dangerous Jam
35%
Blood on the Dance Floor: HIStory in the Mix Ghosts
33%
Music & Me Music and Me
33%
Off the Wall Girlfriend
32%
Off the Wall She's Out of My Life
32%
Off the Wall Workin' Day and Night
32%
HIStory: Past, Present and Future, Book I 2 Bad
30%
Bad Another Part of Me
30%
Dangerous Give In to Me
30%
Bad I Just Can't Stop Loving You
30%
Bad 25 Je ne veux pas la fin de nous
30%
Xscape Love Never Felt So Good
30%
Bad 25 Todo mi amor eres tú
30%
Farewell My Summer Love Farewell My Summer Love
28%
Xscape A Place with No Name
25%
Xscape Blue Gangsta
25%
Invincible Butterflies
25%
Bad Just Good Friends
25%
Xscape Slave to the Rhythm
25%
HIStory: Past, Present and Future, Book I Tabloid Junkie
25%
Invincible Unbreakable
25%
Invincible 2000 Watts
23%
Invincible Break of Dawn
23%
Off the Wall Burn This Disco Out
23%
HIStory: Past, Present and Future, Book I Childhood
23%
HIStory: Past, Present and Future, Book I Come Together
23%
HIStory: Past, Present and Future, Book I D.S.
23%
Off the Wall Get on the Floor
23%
HIStory: Past, Present and Future, Book I Money
23%
Blood on the Dance Floor: HIStory in the Mix Morphine
23%
Dangerous Who Is It
23%
Dangerous Will You Be There
23%
Dangerous Gone Too Soon
22%
Off the Wall I Can't Help It
22%
Off the Wall It's the Falling in Love
22%
Dangerous Keep the Faith
22%
Blood on the Dance Floor: HIStory in the Mix Is It Scary
20%
Dangerous She Drives Me Wild
20%
HIStory: Past, Present and Future, Book I Smile
20%
The Ultimate Collection We Are the World
20%
Invincible Cry
18%
Invincible Heartbreaker
18%
Michael Hold My Hand
18%
HIStory: Past, Present and Future, Book I Little Susie
18%
Thriller 40 Starlight
18%
Invincible The Lost Children
18%
HIStory: Past, Present and Future, Book I This Time Around
18%
Invincible Threatened
18%
Dangerous Why You Wanna Trip on Me
18%
Dangerous Can't Let Her Get Away
17%
Invincible Speechless
17%
Blood on the Dance Floor: HIStory in the Mix Superfly Sister
17%
Bad 25 Al Capone
15%
Thriller 25 Carousel
15%
Invincible Don't Walk Away
15%
Xscape Do You Know Where Your Children Are
15%
Xscape Loving You
15%
Invincible Privacy
15%
Bad 25 Streetwalker
15%
Invincible Whatever Happens
15%
Forever, Michael Dear Michael
13%
Michael Hollywood Tonight
13%
Invincible You Are My Life
13%
Michael Behind the Mask
12%
Bad 25 Free
12%
Bad 25 I'm So Blue
12%
Ben My Girl
12%
Number Ones One More Chance
12%
The Ultimate Collection Sunset Driver
12%
Got to Be There Ain't No Sunshine
10%
Bad 25 Don't Be Messin' 'Round
10%
Bad 25 Fly Away
10%
Got to Be There I Wanna Be Where You Are
10%
Got to Be There Rockin' Robin
10%
Michael Best of Joy
8%
Forever, Michael Dapper Dan
8%
Farewell My Summer Love Don't Let It Get You Down
8%
Thriller 25 For All Time
8%
Bad 25 Price of Fame
8%
The Ultimate Collection Someone in the Dark
8%
Bad 25 Song Groove (a.k.a. Abortion Papers)
8%
Thriller 40 The Toy
8%
Michael Breaking News
7%
Thriller 25 Can't Get Outta the Rain
7%
Farewell My Summer Love Girl You're So Together
7%
Thriller 25 Got the Hots
7%
Michael (I Can't Make It) Another Day
7%
Michael (I Like) The Way You Love Me
7%
Forever, Michael Just a Little Bit of You
7%
Farewell My Summer Love Melodie
7%
Michael Monster
7%
Forever, Michael One Day in Your Life
7%
Thriller 40 She's Trouble
7%
Farewell My Summer Love To Make My Father Proud
7%
Got to Be There You've Got a Friend
7%
Music & Me All the Things You Are
5%
Farewell My Summer Love Call on Me
5%
Forever, Michael Cinderella Stay Awhile
5%
Music & Me Doggin' Around
5%
Got to Be There Girl Don't Take Your Love from Me
5%
Farewell My Summer Love Here I Am (Come and Take Me)
5%
Music & Me Johnny Raven
5%
Music & Me Morning Glow
5%
Michael Much Too Soon
5%
Ben Shoo-Be-Doo-Be-Doo-Da-Day
5%
Music & Me Too Young
5%
Farewell My Summer Love Touch the One You Love
5%
Forever, Michael We're Almost There
5%
Thriller 40 What a Lovely Way to Go
5%
Thriller 40 Who Do You Know
5%
Ben You Can Cry on My Shoulder
5%
Farewell My Summer Love You've Really Got a Hold on Me
5%
The Ultimate Collection Cheater
3%
Music & Me Euphoria
3%
Ben Everybody's Somebody's Fool
3%
The Ultimate Collection Fall Again
3%
Ben Greatest Show on Earth
3%
Music & Me Happy
3%
Forever, Michael I'll Come Home to You
3%
Ben | Got to Be There In Our Small Way
3%
Michael Keep Your Head Up
3%
Got to Be There Maria (You Were the Only One)
3%
The Ultimate Collection Monkey Business
3%
Ben People Make the World Go Round
3%
Forever, Michael Take Me Back
3%
Music & Me Up Again
3%
The Ultimate Collection We Are Here to Change the World
3%
Ben We've Got a Good Thing Going
3%
Forever, Michael We've Got Forever
3%
The Ultimate Collection We've Had Enough
3%
Ben What Goes Around Comes Around
3%
Music & Me With a Child's Heart
3%
Forever, Michael You Are There
3%
The Ultimate Collection Beautiful Girl
2%
The Ultimate Collection Ease on Down the Road
2%
The Ultimate Collection In the Back
2%
Got to Be There Love Is Here and Now You're Gone
2%
The Ultimate Collection On the Line
2%
The Ultimate Collection Scared of the Moon
2%
The Ultimate Collection Someone Put Your Hand Out
2%
The Ultimate Collection The Way You Love Me
2%
Got to Be There Wings of My Love
2%
The Ultimate Collection You Can't Win
2%
No matching quizzes found
Score Distribution
Percent of People with Each Score
Percentile by Number Answered
Your Score History
You have not taken this quiz since the last reset